Aventuras de Robinson Crusoe
Spremljeno u:
| Glavni autor: | |
|---|---|
| Format: | Knjiga |
| Jezik: | španjolski |
| Izdano: |
Barcelona
Ramón Sopena
1972
|
| Izdanje: | 1a. ed |
| Serija: | Biblioteca Sopena, 7-1
|
| Teme: | |
| Oznake: |
Dodaj oznaku
Bez oznaka, Budi prvi tko označuje ovaj zapis!
|
MARC
| LEADER | 00000cam a2200000 a 4500 | ||
|---|---|---|---|
| 001 | UCD5146 | ||
| 003 | CL-VaPUC | ||
| 008 | 160807e19720000sp |||||||||||||||||spa|d | ||
| 082 | 0 | 4 | |a 823 |b DEF |2 21 |
| 100 | |a Defoe, Daniel |e author |9 338739 | ||
| 245 | 1 | 0 | |a Aventuras de Robinson Crusoe |
| 250 | |a 1a. ed | ||
| 300 | |a 464 p | ||
| 942 | |c BK | ||
| 945 | |d 20160807 22:49:00 |a arojas | ||
| 260 | |a Barcelona |b Ramón Sopena |c 1972 | ||
| 650 | 0 | |a Novelas inglesas |9 265220 | |
| 650 | 0 | |a Literatura inglesa |9 312907 | |
| 583 | |a last modification |c 20160807 22:49:00 |k Rodrigo Vera | ||
| 490 | 0 | |a Biblioteca Sopena, 7-1 | |
| 999 | |c 365898 |d 365896 | ||
| 952 | |0 0 |1 0 |3 erb |4 0 |6 823_000000000000000_DEF_1972 |7 0 |8 A |9 479869 |a BIBEDU |b BIBEDU |i 5336619 |o 823 DEF 1972 |p 5336619 |r 2019-11-24 |w 2019-11-24 |y BK |z Catalogado en:20160807 |k EPE | ||